000 00485pam a2200193 a 4500
020 _c
040 _aDental College Lib.
041 _aeng
_heng
082 _a617.6
_bSIN
100 _aSingh, Vijay Prasad .
245 _aMCQS in Dentistry /
_c.
_hTextual Documents
260 _aDelhi :
_bA.I.T.B.S Publisher ,
_c1995.
300 _a260 ;
_c.
365 _a220.00
653 _aGeneral Books
930 _a1346
999 _c40749
_d40749